Statistiques concernant relier le film à son réalisateur

Cliquez ici pour prendre le quiz!

Statistiques générales

  • Ce quiz a été pris 67 fois
  • Le résultat moyen est 6 sur 22

Statistiques - réponses

HintRéponse% Correct
Damien ChazelleBabylon
75%
Mathieu KassovitzBabylon A.D.
44%
Abbas KiarostamiLe gout de la cerise
36%
Paul Thomas AndersonThe Master
36%
Steven SoderbergTraffic
35%
Gus Van SantHarvey Milk
33%
Wes AndersonBottle Rocket
29%
Andreï Tarkovskile miroir
29%
Ingmar Bergmanà travers le miroir
25%
Jacques TatiTrafic
25%
Milos FormanHair
24%
Serguei ParajanovLa couleur de la grenade
24%
Carl Theodor DreyerLa passion de Jeanne d'Arc
24%
Julien DuvivierLa belle équipe
20%
Robert BressonProcès de Jeanne d'Arc
20%
Howard HawksScarface
20%
Luis BuñuelViridiana
20%
Andrés MuschiettiÇa
18%
John WatersHairspray
16%
Alfred HitchcockJeune et innocent
16%
Rob EpsteinThe Times of Harvey Milk
15%
Agnès VardaKung-Fu Master
13%

Distribution des résultats

Percentile par nombre de réponses

% des personnes avec chaque résultat

Votre développement - résultats

Vous n’avez pas pris ce quiz